Statistics for Largest Lakes in New Zealand

Click here to take the quiz!

General Stats

  • This quiz has been taken 30 times
  • The average score is 15 of 33

Answer Stats

RankSurface AreaAnswer% Correct
1616 km2 (238 sq mi)Lake Taupo
96%
3291 km2 (112 sq mi)Lake Wakatipu
92%
1179 km2 (31 sq mi)Lake Rotorua
83%
4192 km2 (74 sq mi)Lake Wanaka
83%
2344 km2 (133 sq mi)Lake Te Anau
79%
9141 km2 (54 sq mi)Lake Hawea
67%
1083 km2 (32 sq mi)Lake Tekapo
67%
7179 km2 (69 sq mi)Lake Pukaki
63%
8142 km2 (55 sq mi)Lake Manapouri
58%
2135 km2 (14 sq mi)Lake Rotoiti
58%
1278 km2 (30 sq mi)Lake Wairarapa
58%
2234 km2 (13 sq mi)Lake Waikare
50%
1375 km2 (29 sq mi)Lake Benmore
46%
5=180 km2 (69 sq mi)Lake Ellesmere
46%
1563 km2 (24 sq mi)Lake Ohau
46%
2429 km2 (11 sq mi)Lake Aviemore
42%
1940 km2 (15 sq mi)Lake Brunner
42%
1463 km2 (24 sq mi)Lake Hauroko
42%
2039 km2 (15 sq mi)Lake Tarawera
42%
2626 km2 (10 sq mi)Lake Dunstan
38%
2331 km2 (12 sq mi)Lake Monowai
38%
1747 km2 (18 sq mi)Lake Coleridge
33%
3311.2 km2 (4.3 sq mi)Lake Rotoma
33%
28=14 km2 (5.4 sq mi)Lake Sumner
29%
1654 km2 (21 sq miLake Waikaremoana
29%
5=180 km2 (69 sq mi)Te Whanga Lagoon
29%
1843 km2 (17 sq mi)Lake Poteriteri
25%
2528 km2 (11 sq mi)Lake McKerrow
17%
31=12 km2 (4.6 sq mi)Okarito Lagoon
17%
2722 km2 (8.5 sq mi)Lake Kaniere
13%
3013 km2 (5.0 sq mi)Lake Rotoaira
13%
31=12 km2 (4.6 sq mi)Lake Ohakuri
8%
28=14 km2 (5.4 sq mi)Lake Omapere
8%

Score Distribution

Percentile by Number Answered

Percent of People with Each Score

Your Score History

You have not taken this quiz